| 000 | 00347nam a22001577a 4500 | ||
|---|---|---|---|
| 003 | SGT | ||
| 020 | _a0-19-012479-2 | ||
| 082 |
_a664.02 _bBAL |
||
| 100 | _aBALI, PARVINDER S. | ||
| 245 | _aFOOD PRODUCTION OPERATIONS | ||
| 250 | _a3RD | ||
| 260 |
_aINDIA _bOXFORD PUB. _c2022 |
||
| 300 | _a552 | ||
| 650 | _aFOOD PRODUCTION | ||
| 942 |
_2ddc _cBK |
||
| 999 |
_c28604 _d28604 |
||